Gaming Quiz

Random Gaming or Pokémon Quiz

Pokemon in every local Pokedex Quiz Stats

 Plays Quiz not verified by Sporcle

Challenge
Share
Tweet
Embed
Score 0/21 Timer 04:00
0 Plays Today
Pokemon % Correct
Pikachu
90.7%
Raichu
81.2%
Geodude
74.1%
Graveler
72.3%
Golem
72.2%
Magikarp
69.7%
Gyarados
67.7%
Zubat
67.6%
Golbat
66.1%
Abra
63.2%
Kadabra
62.3%
Pokemon % Correct
Alakazam
62.2%
Machop
62.1%
Machoke
61.5%
Machamp
61.4%
Goldeen
51.7%
Tentacool
51.6%
Tentacruel
51.1%
Seaking
51.1%
Psyduck
41.8%
Golduck
41.2%

You're not logged in!

Compare scores with friends on all Sporcle quizzes.
OR
Log In

You Might Also Like...

Show Comments

Extras

Top Quizzes Today


Score Distribution

Your Account Isn't Verified!

In order to create a playlist on Sporcle, you need to verify the email address you used during registration. Go to your Sporcle Settings to finish the process.

Report this User

Report this user for behavior that violates our Community Guidelines.

Details: